| 000 | 00576nam a2200217Ia 4500 | ||
|---|---|---|---|
| 005 | 20250508162829.0 | ||
| 008 | 008 250505s9999 xx 000 0 eng d | ||
| 037 | _aTextual | ||
| 040 |
_aFEDL _beng _cFEDL |
||
| 041 |
_aeng _2eng |
||
| 084 |
_a155.2, FES _qFEDL |
||
| 100 |
_aFeshbach Seymour _9769500 |
||
| 245 | 0 | _aPersonality | |
| 250 | _a2nd | ||
| 260 |
_aLexington _bD. C. Heath and Company _c1986 |
||
| 300 | _axii,578p. | ||
| 650 | _aPersonality | ||
| 700 |
_a Weiner Bernard _9774139 |
||
| 942 |
_cTEXL _h155.2, FES |
||
| 999 |
_c1378935 _d1378935 |
||